01166 a2200169 45000010006000000050017000060080041000230030015000640400040000790800053001192450096001720200018002682640051002863000019003375050616003561000024009722841520260407155556.0260407a1996 arg spa dAR-UNSa-BCEJYS aAR-UNSa-BCEJYSbspacAR-UNSa-BCEJYS a347.925xConciliación. Avenencia (Mediación)10aMediación prejudicial y conciliaciónpcomentario de la Ley 24.573 y su reglamentación a950-572-349-0 1aBuenos Aires :bVíctor P. de Zavalíac1996 a327 p.c23 cm. a1. El conflicto y la disputa - 2. Negociación - 3. Racionalidad económica y negociación - 4. La mediación - 5. Algunos aspectos psicológicos del quehacer del mediador - 6. Cuatro teorías sobre la mediación - 7. La mediación pre-judicial obligatoria - 8. Intervención de los letrados en la mediación - 9. Deberes del mediador. Aspectos éticos de su actividad - 10. El contenido del acuerdo en la mediación y en la conciliación - 11. Organización y funcionamiento del sistema de mediación - 12. La conciliación a cargo del juez de la causa - 13. Régimen de la mediación privada1 aBianchi, Roberto A.